000 00188 a2200097 4500
020 _a9780553579901
041 _aeng
100 _aMartin, George
245 _aA clash of kings
942 _cBK
999 _c29953
_d29951